000 00654nam a2200265Ia 4500
005 20260121170942.0
008 008 260114s9999 xx 000 0 eng d
020 _a9783030032197
037 _aEBOOK
040 _aCRL
040 _beng
040 _cCRL
041 _2eng
041 _aeng
084 _qCRL
100 _aPeter Herriot
_91070211
245 4 _aThe Open Brethren: A Christian Sect in the Modern World
260 _bSpringer
260 _bSpringer
260 _c2018
856 _uhttps://link.springer.com/openurl?genre=book&isbn=978-3-030-03219-7
942 _cEBOOK
999 _c1635941
_d1635941